000 004550000a22001810004500
003 MACL
005 20150709144957.0
008 150709b xxu||||| |||| 00| 0 eng d
040 _aMACL
_cMACL
041 _aEnglish
082 _a305/
100 _aGhosh, Lipi
_91547
245 _aWomen Across Asia
_bIssues Of Identities
260 _bGyan Publishing House
_c2008
_aNew Delhi
350 _a625
650 _aSocial Science
_91548
942 _cBK
_k305
_2ddc
999 _c1791
_d1791